Kertas kerja Nadwah Islam Antarabangsa

Bibliographic Details
Corporate Author: Nadwah Islam Antarabangsa
Format: Book
Published: Kuala Lumpur : Pusat Islam , 1986
Subjects:

MARC

LEADER 00000cam a2200000 7i4500
001 0000004128
005 20071104093000.0
008 021118s1986
090 0 0 |a BP15   |b .N328 
110 1 |a Nadwah Islam Antarabangsa   |k 1986   |j Kuala Lumpur 
245 0 0 |a Kertas kerja Nadwah Islam Antarabangsa 
260 2 |a Kuala Lumpur :   |b Pusat Islam ,   |c 1986 
300 |a 243 ms ;   |c 30 cm. 
650 0 |a Islam   |v Congresses 
999 |a 1000045486   |b Seminar Papers   |c Reference   |e Gong Badak Campus 
999 |a 1000045487   |b Seminar Papers   |c Reference   |e Gong Badak Campus 
999 |a 1000045488   |b Seminar Papers   |c Reference   |e Gong Badak Campus